000 00611nam a2200169 a 4500
001 000005970
005 20200929151850.0
008 090825s1999 dr a 000 0 spa d
040 _aDO-SdBNP
_bspa
_cBNPHU
082 _axxxx
_bR426m
111 2 _aRepública Dominicana. Fiscalía. Procuraduría fiscal del Distrito Nacional
_916825
245 1 0 _amanual de funciones y procedimientos /
_cprólogo César Pina Torribio.
250 _a2a. ed.
260 _aSanto Domingo :
_bProcuraduría fiscal del Distrito Nacional,
_c1999.
300 _a154 p. :
_bil. ;
_c28 cm.
700 1 _aPina Torribio, César,
_epról.
_916826
999 _c5766
_d5766